| 000 | 00639nam a22001817a 4500 | ||
|---|---|---|---|
| 999 |
_c5827 _d5827 |
||
| 003 | AR-CdUCM | ||
| 008 | 190313b ||||| |||| 00| 0 spa d | ||
| 040 |
_aMUNICIPALIDAD PROVINCIAL DEL CUSCO _cBIBLIOTECA MUNICIPAL DEL CUSCO |
||
| 082 |
_a869.56 / _bH8 |
||
| 100 |
_aHidalgo, Alberto _95809 |
||
| 245 | _aAntología personal / | ||
| 260 |
_aArgentina : _bCentro editor de América Latina, _c1967. |
||
| 300 |
_a126 páginas ; _c18 cm. |
||
| 505 | _aPoemas con esencia -- Poemas con patria -- Poemas con amor -- Poemas con muerte -- Poemas con migo -- Poemas con pueblo. | ||
| 650 |
_aPoemas. _9929 |
||
| 942 |
_2ddc _cLIBROS |
||
| 945 | _awfj | ||